|
|
|
|
| LEADER |
00905cam a2200253 7i4500 |
| 001 |
0000060489 |
| 005 |
20210802090000.0 |
| 020 |
|
|
|a 9781118481363 (electronic book)
|
| 090 |
0 |
0 |
|a RT41
|b .N77 2014
|
| 245 |
0 |
0 |
|a Nursing practice :
|b knowledge and care
|c edited by Ian Peate, Muralitharan Nair, Karen Wild.
|
| 264 |
|
|
|a Chichester, West Sussex:
|b John Wiley & Sons,
|c 2014.
|
| 300 |
|
|
|a 1 online resource (962 pages):
|b illustrations, text file, PDF.
|
| 336 |
|
|
|a text
|2 rdacontent
|
| 337 |
|
|
|a computer
|2 rdamedia
|
| 338 |
|
|
|a online resource
|2 rdacarrier
|
| 650 |
|
0 |
|a Nursing care --
|x Methods
|
| 655 |
|
0 |
|a Electronic books
|
| 700 |
1 |
|
|a Peate, Ian,
|
| 700 |
1 |
|
|a Nair, Muralitharan
|
| 700 |
1 |
|
|a Wild, Karen
|
| 856 |
4 |
2 |
|u http://library.unisel.edu.my/web/guest/mylibrary
|
| 997 |
|
|
|a Health Sciences, Faculty
|
| 998 |
|
|
|a Nursing, Diploma
|
| 999 |
|
|
|a EBO0006107
|b EBOOK
|c EBOOK
|e Electronic resources
|